1847 1610 1033 1402 1080 1402 1460 1824 1030 1534 1662 1129 1958 1248 1337 1206 1093 1359 1812 1890 1277 1641 1801 1873 1496 1525 1807 1937 1918 1975 1129 1439 1997 1349 1559 1701 1529 1572 1806 1161 1851 1459 1341 1422 1580 1513 1577 1933 1752 1381 1520 1146 1423 1379 1162 1529 1226 1672 1383 1825 1490 1673 1291 1641 1887 1353 1103 1455 1217 1755 1373 1393 1271 1166 1158 1618 1329 1716 1897 1664 1378 1189 1515 1007 1478 1111 1045 1451 1570 1971 1608 1377 1880 1558 1448 1559 1238 1307 1392 BCNSPRNW ULIB Ver.6.0+V

เปลี่ยนเป็นภาษาไทย

Change to English
 แสดงรายละเอียดบรรณานุกรม
  กลับหน้าหลัก

Brief Record : Get Marc (ISO 2709) : E-mail record : QR code < ปิดหน้าต่าง
LEADER : 00000nam 2200000uu 4500
001    13399122593
003     ULIB
008    020711s2545 th a 000 0 tha d
020    9743226923
090    นว.^bA613ด
100    Ann M. Martin.;^eเขียน
245    เดอะดอลล์ พีเพิล /^cAnn M. Martin & Laura Godwin ; เขียน,วิลาวัณย์ ฤดีศานต์ ; แปล
260    กรุงเทพฯ :^bมติชน,^c2545
300    240 หน้า
700    Laura Godwin.;^eเขียน
700    วิลาวัณย์ ฤดีศานต์. ;^e แปล
945    ^p175^l0^i20039
999    ^aทศพร เกษรทอง
รายการนี้ยังไม่มีแท็ก
คุณยังไม่ได้ล็อกอิน คุณสามารถมีกิจกรรมร่วมกับเว็บไซต์ได้ แต่ต้องล็อกอินก่อน ::
  ล็อกอิน

รายการสื่อสารสนเทศ

ลำดับที่ ประเภท เลขเรียก/บาร์โค้ด สถานที่ สถานะ
1. นวนิยาย
นวนิยาย
นว. A613ด ฉ.1 
  Barcode: 20039
ห้องสมุดวิทยาเขตสวรรค์ประชารักษ์
►นวนิยาย
บนชั้น
  ขอยืม

BibComment


ยังไม่เคยถูกคอมเมนท์

คอมเมนท์ทรัพยากรรายการนี้
  คอมเมนท์: เดอะดอลล์ พีเพิล ..


 Copyright 2026. Bcnsprnw @Library